Bệnh mắt do ký sinh trùng

Shranjeno v:
Bibliografske podrobnosti
Glavni avtor: Phan Dẫn
Format: Knjiga
Jezik:Undetermined
Izdano: H. Y Học 2002
Teme:
Oznake: Označite
Brez oznak, prvi označite!
Thư viện lưu trữ: Trung tâm Học liệu Trường Đại học Cần Thơ
LEADER 00508nam a2200193Ia 4500
001 CTU_54700
008 210402s9999 xx 000 0 und d
020 |b 8000 
082 |a 614.5997 
082 |b D121 
100 |a Phan Dẫn 
245 0 |a Bệnh mắt do ký sinh trùng 
245 0 |c Phan Dẫn và Phan Dũng 
260 |a H. 
260 |b Y Học 
260 |c 2002 
650 |a eye,parasitic diseases 
650 |x diseases 
980 |a Trung tâm Học liệu Trường Đại học Cần Thơ